Developing Technical Writing towards meeting academic challenges. (Record no. 7951)

MARC details
000 -LEADER
fixed length control field 00766nam a22002417i 4500
003 - CONTROL NUMBER IDENTIFIER
control field URS
005 - DATE AND TIME OF LATEST TRANSACTION
control field 20220114152959.0
008 - FIXED-LENGTH DATA ELEMENTS--GENERAL INFORMATION
fixed length control field 160505b xxu||||| |||| 00| 0 eng d
020 ## - INTERNATIONAL STANDARD BOOK NUMBER
International Standard Book Number 9789710388950
040 ## - CATALOGING SOURCE
Description conventions rda
Transcribing agency URSP-College Library
Language of cataloging eng
050 ## - LIBRARY OF CONGRESS CALL NUMBER
Item number 808.066 C26d 2010
100 1# - MAIN ENTRY--PERSONAL NAME
Personal name Casela, Neliza Cayaban
245 ## - TITLE STATEMENT
Title Developing Technical Writing towards meeting academic challenges.
Statement of responsibility, etc. Casela, Neliza Cayaban
264 #1 - PRODUCTION, PUBLICATION, DISTRIBUTION, MANUFACTURE, AND COPYRIGHT NOTICE
Place of production, publication, distribution, manufacture Mandaluyong City
Name of producer, publisher, distributor, manufacturer Books Atbpages Pub. Corpages
Date of production, publication, distribution, manufacture, or copyright notice 2010.
300 ## - PHYSICAL DESCRIPTION
Extent x, 247pages
Dimensions 22cm
336 ## - CONTENT TYPE
Content type term text
Content type code txt
Source rdacontent
337 ## - MEDIA TYPE
Media type term unmediated
Media type code n
Source rdamedia
338 ## - CARRIER TYPE
Carrier type term volume
Carrier type code nc
Source rdacarrier
500 ## - GENERAL NOTE
General note Includes bibliography
650 #0 - SUBJECT ADDED ENTRY--TOPICAL TERM
Topical term or geographic name entry element Technical writing.
700 1# - ADDED ENTRY--PERSONAL NAME
Personal name Cuevas, George Jeffrey M.
942 ## - ADDED ENTRY ELEMENTS (KOHA)
Source of classification or shelving scheme Library of Congress Classification
Koha item type Filipiniana
Holdings
Withdrawn status Source of classification or shelving scheme Damaged status Not for loan Collection code Home library Current library Shelving location Date acquired Coded location qualifier Total Checkouts Full call number Barcode Date last seen Copy number Price effective from Koha item type
  Library of Congress Classification     Reference Morong College Library Morong College Library   08/01/2015     LB 15 .C267 2010 URSMOR-CL-25784 01/21/2001 1 01/16/2023 Filipiniana
  Library of Congress Classification     Reference Morong College Library Morong College Library   08/01/2015     LB 15 .C267 2010 URSMOR-CL-25785 01/21/2001 2 01/16/2023 Filipiniana
  Library of Congress Classification     Reference Morong College Library Morong College Library   08/01/2015     LB 15 .C267 2010 URSMOR-CL-26666 06/06/2017 3 01/16/2023 Filipiniana
  Library of Congress Classification     Reference Morong College Library Morong College Library   08/01/2015     LB 15 .C267 2010 URSMOR-CL-26667 06/06/2017 4 01/16/2023 Filipiniana
  Library of Congress Classification     Reference Morong College Library Morong College Library   08/01/2015     LB 15 .C267 2010 URSMOR-CL-26668 06/06/2017 5 01/16/2023 Filipiniana
  Library of Congress Classification     Non-fiction Pililla College Library Pililla College Library General Stacks 05/05/2016 purchased   808.066 C26d 2010 URSPIL-3758. 07/24/2018 1 05/05/2016 Filipiniana
  Library of Congress Classification     Non-fiction Pililla College Library Pililla College Library General Stacks 05/05/2016 purchased   808.066 C26d 2010 URSPIL-3759 07/24/2018 2 05/05/2016 Filipiniana
  Library of Congress Classification     Non-fiction Pililla College Library Pililla College Library General Stacks 10/26/2017     808.066 C26d 2010 URSPIL-4709 07/24/2018 6 10/26/2017 Filipiniana
  Library of Congress Classification     Non-fiction Pililla College Library Pililla College Library General Stacks 11/04/2017     808.066 C26d 2010 URSPIL-4706 07/24/2018 3 11/04/2017 Filipiniana
  Library of Congress Classification     Non-fiction Pililla College Library Pililla College Library General Stacks 11/04/2017     808.066 C26d 2010 URSPIL-4708 07/24/2018 5 11/04/2017 Filipiniana

University of Rizal System
Email us at univlibservices@urs.edu.ph

Visit our Website www.urs.edu.ph/library